| 000 | 00673nam a2200109Ia 4500 | ||
|---|---|---|---|
| 008 | 220620s9999||||xx |||||||||||||| ||und|| | ||
| 100 | _aŚledziewska, Katarzyna||Włoch, Renata | ||
| 245 | 4 |
_aThe Economics of Digital Transformation _bThe Disruption of Markets, Production, Consumption, and Work |
|
| 546 | _aEnglish[eng] | ||
| 650 | _aAI; artificial intelligence; Big Tech; Covid-19; cross-border data flows; datafication; data-first approach; digital business models; digital economy; digital processes; digital transformation; fourth technological revolution; markets of goods and services; network economy; platform economy; tehnological disruption | ||
| 942 | _cEB | ||
| 999 |
_c30040 _d30040 |
||